| 000 | 01260cab a2200229 4500 | ||
|---|---|---|---|
| 001 | X91435 | ||
| 008 | 090401t1998 xxu||||| |||| 00| 0 eng d | ||
| 035 | _a(Sirsi) u85913 | ||
| 041 | _aeng | ||
| 245 | _aFareham BC V Hitchcock Management Services (Guernsey) Ltd | ||
| 260 | _c1998 | ||
| 350 | _a0 | ||
| 490 |
_aPlanning Appeal Decisions _vApril 1998,13 PAD 164-169(6) |
||
| 520 | _aOutline application - erection of building for business use - former primary school converted to offices - now 1,888sq. m - further 450sq m. Tree Preservation Order - access - parking on site or on highway - highway safety - countryside policies - structure and local plans - local plan review - capacity of car park - edge of urban and countryside areas - Existing Employment Area - Whether prejudice to local plan process - PPG1 - emerging local plan of little weight - no substantil traffic objections - conditions. Costs - Council giving undue weight to emerging local plan - no costs where planning issues finely balanced. HEADNOTE. | ||
| 650 | _aBUSINESS USES | ||
| 650 | _aCOSTS | ||
| 650 | _aFAREHAM BC V HITCHCOCK MANAGEMENT SERVICES (GUERNSEY) LTD | ||
| 650 | _aPPG1 | ||
| 690 | _aPLANNING LAW AND PRACTICE-CASE LAW | ||
| 942 | _n0 | ||
| 948 | _c30/04/1998 | ||
| 999 |
_c54044 _d54044 |
||